| 000 | 00734cam a2200205 a 4500 | ||
|---|---|---|---|
| 001 | 2615156 | ||
| 005 | 20201124143322.0 | ||
| 008 | 980407s1998 mau b 000 0 eng | ||
| 010 | _a 98021051 | ||
| 020 | _a0262522527 (pbk. : alk. paper) | ||
| 040 |
_aDLC _cDLC _dDLC |
||
| 050 | 0 | 0 |
_aJZ1305 _b.T458 1998 |
| 082 | 0 | 0 |
_a327.101 _221 _bTHE |
| 245 | 0 | 0 |
_aTheories of war and peace : _ban international security reader / _cedited by Michael E. Brown ... [et al.]. |
| 260 |
_aCambridge, Mass. : _bMIT Press, _cc1998. |
||
| 300 |
_axxxviii, 566 p. ; _c23 cm. |
||
| 504 | _aIncludes bibliographical references. | ||
| 942 |
_2ddc _cBB |
||
| 999 |
_c11185 _d11185 |
||